Estructuras algebraicas IV : algebra multilineal

Kaydedildi:
Detaylı Bibliyografya
Yazar: Micali, Artibano
Diğer Yazarlar: Villamayor, Orlando E.
Materyal Türü: Kitap
Dil:Spanish
Baskı/Yayın Bilgisi: Washington : Secretaría General de la OEA 1976
Seri Bilgileri:Serie de matemática. Monografía
Konular:
Etiketler: Etiketle
Etiket eklenmemiş, İlk siz ekleyin!

MARC

LEADER 00000nam a2200000Ia 4500
003 000708
005 20221231143844.0
008 140116s1976 waua 000 ||spa d
040 |c cru CEDI 
082 |a  512 M619e 
100 |a Micali, Artibano  |9 20439 
245 |a Estructuras algebraicas IV : algebra multilineal 
260 |c 1976  |a  Washington : Secretaría General de la OEA 
300 |c  78 páginas ; 23 cm. 
440 |a Serie de matemática. Monografía   |n no.16  |9 20441 
650 |x ALGEBRA  |9 20442 
700 |9 20440  |a Villamayor, Orlando E. 
942 |2 ddc  |c BK 
999 |c 13276  |d 13276